000 00321nam a2200133Ia 4500
008 240624s9999 xx 000 0 und d
041 _aeng
082 _a823 CRI
100 _aCRICHTON MICHAEL
245 _aMICRO
260 _c2011
_aNew Delhi
_bHarper Collins
300 _axii, : 668 : p. : cm. ; 18
365 _cRS
_b25
999 _c18628
_d18628